Diario de expedición botánica en la mesa de Juan Díaz (Registro nro. 14260)

Detalles MARC
000 -CABECERA
Campo de control 003730000a22001090004500
090 ## - CLASIFICACIÓN LOCAL
Colección AS
Consecutivo Seriadas
041 0# - IDIOMA
Código de idioma para texto/pista de sonido o título separado
100 1# - ASIENTO PRINCIPAL--NOMBRE PERSONAL
Nombre personal Pérez Arbeláez, Enrique
245 10 - MENCION DE TITULO
Título Diario de expedición botánica en la mesa de Juan Díaz
773 1# - Item fuente:
Título Revista de la Academia Colombiana de Ciencias Exactas, Fisicas y Naturales
Especificación de materiales 32
Descripción física 31
Paginas del Articulo 358-379
Lugar, editorial y fecha de publicación 1951
Información sobre la relación 8
942 ## - ELEMENTOS ADICIONALES (KOHA)
Tipo de ítem Artículo

No hay ítems disponibles.